Bầu trời sụp đổ

Gespeichert in:
Bibliographische Detailangaben
1. Verfasser: Sheldon, Sidney
Format: Buch
Sprache:Undetermined
Veröffentlicht: Hà Nội Hội nhà Văn 2001
Tags: Tag hinzufügen
Keine Tags, Fügen Sie den ersten Tag hinzu!
Thư viện lưu trữ: Trung tâm Học liệu Trường Đại học Cần Thơ
LEADER 00438nam a2200157Ia 4500
001 CTU_49057
008 210402s9999 xx 000 0 und d
082 |a 813.5 
082 |b S544b 
100 |a Sheldon, Sidney 
245 0 |a Bầu trời sụp đổ 
245 0 |c Sidney Sheldon ; Lan Châu 
260 |a Hà Nội 
260 |b Hội nhà Văn 
260 |c 2001 
980 |a Trung tâm Học liệu Trường Đại học Cần Thơ